Albert Camus: philosophe pour Classes Terminales
Guardat en:
| Autor principal: | |
|---|---|
| Format: | Llibre |
| Idioma: | francès |
| Publicat: |
París
André Balland
1970
|
| Edició: | 1a. ed |
| Matèries: | |
| Etiquetes: |
Afegir etiqueta
Sense etiquetes, Sigues el primer a etiquetar aquest registre!
|
MARC
| LEADER | 00000cam a2200000 a 4500 | ||
|---|---|---|---|
| 001 | UCE3201 | ||
| 003 | CL-VaPUC | ||
| 008 | 140821e19700000fr |||||||||||||||||fre|d | ||
| 082 | 0 | 4 | |a 194 |b BRO |2 21 |
| 100 | 0 | |a Brochier, Jean-Jacques |e author |9 575699 | |
| 245 | 1 | 0 | |a Albert Camus: philosophe pour Classes Terminales |
| 250 | |a 1a. ed | ||
| 300 | |a 178 p | ||
| 942 | |c BK | ||
| 945 | |d 20140821 14:35:00 |a arojas | ||
| 260 | |a París |b André Balland |c 1970 | ||
| 600 | 0 | 7 | |a CAMUS, ALBERT |2 CL-VaPUC |9 315220 |
| 650 | 0 | |a Filosofía francesa |9 255698 | |
| 650 | 0 | |a Crítica e interpretación |9 255042 | |
| 583 | |a last modification |c 20140821 14:35:00 |k Rodrigo Vera | ||
| 999 | |c 356624 |d 356622 | ||
| 952 | |0 0 |1 0 |3 erb |4 0 |6 194_000000000000000_BRO_1970 |7 0 |8 P |9 464080 |a BIBEDU |b BIBEDU |c BIBEDU_PB |i 5003083 |o 194 BRO 1970 |p 5003083 |r 2024-01-25 |w 2019-11-23 |y BK |z Catalogado en:20140821 |k FIL | ||